000 01081nam a2200217 i 4500
001 98676
003 ES-MaACL
005 20250815110945.0
007 t|
008 950920s1862 fr |||| | fre d
100 1 _aÉlie de Beaumont, Léonce,
_d1798-1874
_946988
245 1 0 _aÉtudes stratigraphiques sur le département de la Haute-Marne /
_cfaites par MM. Élie de Beaumont et De Chancourtois ; pendant la publication de la Carte géologique de M. Duhamel.
260 _aParis :
_bMallet-Bachelier, Imp.-Lib.,
_c1862.
300 _a84 p. ;
_c27 cm.
650 4 _aEstratigrafía-
_zFrancia.
_9167450
650 7 _aGeología-
_zFrancia
_2
_9157288
700 1 _aBeguyer de Chancourtois, Alexandre-Emile.
_927043
852 _aES-MaACL
_jT-897-F-4
_z.- Legado Federico de Botella y Hornos
_z- Enc. en un vol. facticio, conservando cub. original
852 _aES-MaACL
_jL-32451(6)
_z- Enc. cart.
_z. - Legado Federico de Botella y de Hornos
_z- Enc. en un vol. facticio, con tít. en el lomo de: Rapport sur les progrés de la stratigraphie
999 _c98676
_d98676